Электронная модель упругого удара; Применение электронных вычислительных машин для решения инженерных задач

Dades bibliogràfiques
Parent link:Применение электронных вычислительных машин для решения инженерных задач.— 1964.— С. 20-23
Autor principal: Горбунов В. Ф.
Altres autors: Разин В. М., Триханов А. В.
Idioma:rus
Publicat: 1964
Matèries:
Format: MixedMaterials Capítol de llibre
KOHA link:https://koha.lib.tpu.ru/cgi-bin/koha/opac-detail.pl?biblionumber=592553

MARC

LEADER 00000naa0a2200000 4500
001 592553
005 20250829133644.0
035 |a (RuTPU)RU\TPU\tpu\4784 
090 |a 592553 
100 |a 20011210d1964 k||y0rusy50 ca 
101 0 |a rus 
102 |a RU 
200 1 |a Электронная модель упругого удара  |f В. Ф. Горбунов, В. М. Разин, А. В. Триханов 
463 1 |t Применение электронных вычислительных машин для решения инженерных задач  |v С. 20-23  |d 1964  |s Передовой научно-технический и производственный опыт; N 5-64-652 (19). 
610 1 |a радиоэлектроника 
610 1 |a труды учёных ТПУ 
700 1 |a Горбунов  |b В. Ф. 
701 1 |a Разин  |b В. М. 
701 1 |a Триханов  |b А. В. 
801 0 |a RU  |b 63413507  |c 20011210  |g PSBO 
801 2 |a RU  |b 63413507  |c 20080128  |g PSBO 
942 |c BK